[Event "Catalunya-FRA"]
[Site "?"]
[Date "2000.??.??"]
[Round "2"]
[White "Alonso Moyano Jonathan"]
[Black "Anic Darko"]
[Result "1-0"]
[WhiteElo "2225"]
[BlackElo "2499"]
[PlyCount "115"]
[EventDate "2000.??.??"]
[Source "www.chesslib.no"]
[SourceDate "2004.05.04"]

1. e4 e5 2. Nc3 Nf6 3. f4 d5 4. fxe5 Nxe4 5. Qe2 Nc6 6. Nf3 Bf5 7. d3 Nc5 8. d4 Ne4 9. a3 a6 10. Qe3 Qd7 11. Bd3 Nxc3 12. Bxf5 Qxf5 13. Qxc3 Be7 14. O-O Qg6 15. Be3 O-O 16. Rae1 a5 17. Qb3 Qe6 18. a4 Ra6 19. c3 Rb6 20. Qc2 Qg6 21. Qxg6 hxg6 22. Re2 Nd8 23. g4 Ne6 24. g5 Rc8 25. Rd1 Kf8 26. Kf2 Ke8 27. Rc2 Kd7 28. Kg3 Ra6 29. h4 c6 30. Rf2 b5 31. Ra1 b4 32. Nd2 Rf8 33. Raf1 Nd8 34. c4 Ke6 35. b3 Ra8 36. c5 Nb7 37. Nf3 Rh8 38. Ne1 Raf8 39. Nd3 Nd8 40. Rf6+ Kd7 41. e6+ Kc8 42. Rxf7 Nxf7 43. Rxf7 Rxf7 44. exf7 Rf8 45. Ne5 Bd8 46. h5 gxh5 47. g6 Bf6 48. Bf4 Rh8 49. Nxc6 Kd7 50. Nxa5 Be7 51. c6+ Ke6 52. Nb7 Rc8 53. c7 Kd7 54. Nc5+ Kc6 55. Ne6 Kd7 56. Nxg7 Bf8 57. Nxh5 Ke6 58. Kg4 1-0

[Event "Roma m Circolo INPS"]
[Site "Roma"]
[Date "2000.03.??"]
[Round "3"]
[White "Martorelli, Antonio"]
[Black "Tomescu, Vlad"]
[Result "0-1"]
[WhiteElo "2271"]
[BlackElo "2452"]
[PlyCount "48"]
[EventDate "2000.03.24"]
[Source "www.chesslib.no"]
[SourceDate "2004.05.04"]

1. e4 e5 2. Nc3 Nf6 3. f4 d5 4. fxe5 Nxe4 5. Nf3 Nc6 6. Bb5 Be7 7. Qe2 Nc5 8. d4 Ne6 9. Be3 O-O 10. h4 h6 11. O-O-O Nb4 12. Qd2 c6 13. Be2 Re8 14. g4 a5 15. a3 Na6 16. Bd3 b5 17. Bxh6 b4 18. Nb1 bxa3 19. bxa3 Rb8 20. Bxg7 Kxg7 21. h5 Ng5 22. h6+ Kh8 23. Qf4 Nxf3 24. Qxf7 Bg5+ 0-1

[Event "Spring Festival"]
[Site "Budapest HUN"]
[Date "2008.03.24"]
[Round "4"]
[White "Kahn, E."]
[Black "Govciyan, P."]
[Result "1/2-1/2"]
[WhiteElo "2326"]
[BlackElo "2394"]
[PlyCount "42"]
[EventDate "2008.03.21"]
[Source "www.chesslib.no"]
[SourceDate "2004.05.04"]

1. e4 e5 2. Nc3 Nf6 3. f4 d5 4. exd5 exf4 5. Bb5+ Nbd7 6. d4 Bd6 7. Qe2+ Qe7 8. Qxe7+ Kxe7 9. Nge2 Nb6 10. Nxf4 Bf5 11. Bd3 Bxd3 12. Nxd3 Nbxd5 13. Nxd5+ Nxd5 14. O-O b5 15. Bd2 f6 16. c3 Rhe8 17. b3 Kd7 18. Rfe1 c6 19. c4 Nc7 20. Bf4 bxc4 21. bxc4 Rxe1+ 1/2-1/2

[Event "Madonna di Campiglio"]
[Site "Madonna di Campiglio"]
[Date "1974.??.??"]
[Round "4"]
[White "Tatai, Stefano"]
[Black "Paoli, Enrico"]
[Result "1/2-1/2"]
[WhiteElo "2430"]
[BlackElo "2290"]
[PlyCount "20"]
[EventDate "1974.??.??"]
[Source "www.chesslib.no"]
[SourceDate "2004.05.04"]

1. e4 e5 2. Nc3 Nf6 3. f4 d5 4. fxe5 Nxe4 5. Nf3 Nc6 6. Bb5 Bc5 7. d4 Bb4 8. Bd2 Bxc3 9. bxc3 O-O 10. O-O Bg4 1/2-1/2

[Event "IMB1"]
[Site "Marianske Lazne CZE"]
[Date "2008.01.25"]
[Round "8"]
[White "Vojta, T."]
[Black "Plischki, S."]
[Result "1-0"]
[WhiteElo "2361"]
[BlackElo "2358"]
[PlyCount "45"]
[EventDate "2008.01.19"]
[Source "www.chesslib.no"]
[SourceDate "2004.05.04"]

1. e4 e5 2. Nc3 Nf6 3. f4 d5 4. fxe5 Nxe4 5. Nf3 Bc5 6. Qe2 Bf2+ 7. Kd1 Nxc3+ 8. bxc3 Bc5 9. d4 Be7 10. Qf2 O-O 11. Bd3 Nc6 12. Qg3 f6 13. Bh6 Rf7 14. exf6 Bxf6 15. Re1 Qf8 16. Bg5 Be7 17. Bxe7 Rxe7 18. Rxe7 Qxe7 19. Kd2 Qe6 20. Ng5 Qh6 21. Qf4 Be6 22. Re1 Re8 23. Rxe6 1-0

[Event "Szekszard Open"]
[Site "Szekszard"]
[Date "1989.??.??"]
[Round "2"]
[White "Somlai, Laszlo"]
[Black "Butnorius, Algimantas"]
[Result "0-1"]
[WhiteElo "2305"]
[BlackElo "2410"]
[PlyCount "56"]
[EventDate "1989.??.??"]
[Source "www.chesslib.no"]
[SourceDate "2004.05.04"]

1. e4 e5 2. Nc3 Nf6 3. f4 d5 4. exd5 e4 5. d3 Bb4 6. Bd2 e3 7. Bxe3 O-O 8. Bd2 Re8+ 9. Be2 Bc5 10. Nf3 Bg4 11. Kf1 Nxd5 12. h3 Bxf3 13. gxf3 Ne3+ 14. Bxe3 Bxe3 15. h4 Nc6 16. Ne4 f5 17. Ng5 Bxf4 18. c3 Bxg5 19. hxg5 Qxg5 20. Qb3+ Kh8 21. Re1 Ne5 22. Qxb7 Nxd3 23. Bxd3 Rxe1+ 24. Kxe1 Qe3+ 25. Be2 Re8 26. Qb5 c6 27. Rxh7+ Kxh7 28. Qxf5+ Kg8 0-1

[Event "Paris Ch"]
[Site "Paris FRA"]
[Date "1988.??.??"]
[Round "2"]
[White "Belkhodja, Slim"]
[Black "Pergericht, Daniel"]
[Result "1-0"]
[WhiteElo "2390"]
[BlackElo "2325"]
[PlyCount "49"]
[EventDate "1988.??.??"]
[Source "www.chesslib.no"]
[SourceDate "2004.05.04"]

1. e4 e5 2. Nc3 Nf6 3. f4 d5 4. fxe5 Nxe4 5. Nf3 Nc6 6. d4 f6 7. exf6 Nxf6 8. Bd3 Be7 9. O-O O-O 10. h3 Nb4 11. Ne5 c5 12. Be3 Qc7 13. Bf4 Qa5 14. dxc5 Nxd3 15. Qxd3 Qxc5+ 16. Be3 Qd6 17. Bd4 a6 18. Rae1 Be6 19. Qe3 Rac8 20. Nf3 Rc6 21. Ng5 Ne4 22. Rxf8+ Bxf8 23. Ngxe4 dxe4 24. Qxe4 Bf5 25. Qxf5 1-0

[Event "UKR-ch U20"]
[Site "?"]
[Date "2002.03.??"]
[Round "5"]
[White "Semenov Dmitri"]
[Black "Karjakin Sergey"]
[Result "0-1"]
[WhiteElo "2241"]
[BlackElo "2460"]
[PlyCount "82"]
[EventDate "2002.??.??"]
[Source "www.chesslib.no"]
[SourceDate "2004.05.04"]

1. e4 e5 2. Nc3 Nf6 3. f4 d5 4. fxe5 Nxe4 5. Nf3 Nc6 6. Bb5 a6 7. Bxc6+ bxc6 8. O-O Be7 9. d3 Nxc3 10. bxc3 O-O 11. Nd4 Qe8 12. Qh5 c5 13. Nf5 Bxf5 14. Qxf5 Qc6 15. Bg5 Bxg5 16. Qxg5 h6 17. Qg3 f6 18. Rae1 fxe5 19. Rxf8+ Rxf8 20. Qxe5 Kh7 21. h3 Rf6 22. Rb1 Qd7 23. Rb7 Rf7 24. Rb8 Re7 25. Qg3 c6 26. Qf4 Re2 27. Rb2 Qe6 28. a4 Qg6 29. Qg4 Qe8 30. Qf5+ Kh8 31. Qf4 Qe6 32. Kh2 Kh7 33. Qg3 Qf6 34. d4 cxd4 35. cxd4 Qxd4 36. c3 Qe3 37. Rxe2 Qxe2 38. Qd6 Qc4 39. Qe5 Qe4 40. Qd6 Qxa4 41. Qf8 Qe4 0-1

[Event "DEN Team Ch 8990"]
[Site "Denmark"]
[Date "1989.??.??"]
[Round "5"]
[White "Berg, Klaus"]
[Black "Pedersen, Karsten"]
[Result "1-0"]
[WhiteElo "2390"]
[BlackElo "2305"]
[PlyCount "67"]
[EventDate "1989.??.??"]
[Source "www.chesslib.no"]
[SourceDate "2004.05.04"]

1. e4 e5 2. Nc3 Nf6 3. f4 d5 4. fxe5 Nxe4 5. Nf3 Bb4 6. a3 Ba5 7. Qe2 Bf5 8. g3 Nc6 9. Bg2 O-O 10. O-O f6 11. Nxe4 Bxe4 12. d3 Bb6+ 13. Kh1 Bg6 14. exf6 Re8 15. Qd1 Bh5 16. g4 Bg6 17. fxg7 Nd4 18. Bg5 Qd6 19. Nxd4 Bxd4 20. Qf3 c6 21. Bf4 Qe7 22. c3 Bxg7 23. Rf2 b5 24. Qg3 a5 25. Raf1 b4 26. axb4 axb4 27. Bd6 Qe3 28. Rf3 Qd2 29. h4 Qxb2 30. cxb4 Ra1 31. h5 Rxf1+ 32. Rxf1 Bf7 33. Qf4 Be6 34. h6 1-0

[Event "XIX Czech Chladek & Tintera A Open"]
[Site "Pardubice CEC"]
[Date "2008.07.25"]
[Round "8"]
[White "Siebarth, R."]
[Black "Vojta, T."]
[Result "0-1"]
[WhiteElo "2284"]
[BlackElo "2411"]
[PlyCount "98"]
[EventDate "2008.07.18"]
[Source "www.chesslib.no"]
[SourceDate "2004.05.04"]

1. Nc3 Nf6 2. e4 e5 3. f4 d5 4. fxe5 Nxe4 5. Nf3 Be7 6. d3 Ng5 7. Nxd5 Qxd5 8. Bxg5 Bxg5 9. Nxg5 O-O 10. d4 f6 11. Nf3 Bg4 12. exf6 Nc6 13. c3 Rae8+ 14. Kf2 Rxf6 15. Qb3 Bxf3 16. gxf3 Rxf3+ 17. Kg2 Qxb3 18. axb3 Ref8 19. Bc4+ Kh8 20. Rhf1 Rxf1 21. Bxf1 a6 22. Re1 Rd8 23. d5 Nb8 24. Re7 Nd7 25. Bd3 g6 26. b4 Nf6 27. c4 Rd7 28. Re6 Kg7 29. Be2 Kf7 30. Bf3 Rd6 31. Re3 Rd8 32. Rd3 g5 33. h3 h5 34. Kf2 Kg6 35. d6 cxd6 36. Bxb7 Rb8 37. Bxa6 Rxb4 38. Rxd6 Rxb2+ 39. Kf3 Rb3+ 40. Kf2 Rxh3 41. c5 Rc3 42. Rc6 g4 43. Ke2 g3 44. Kd2 g2 45. Kxc3 g1=Q 46. Kb4 h4 47. Bd3+ Kg5 48. Rd6 h3 49. c6 Qb6+ 0-1

[Event "La Estacada CC prel"]
[Site "?"]
[Date "2002.03.20"]
[Round "9"]
[White "Muniz Rafael"]
[Black "Carvalho Guillermo"]
[Result "1-0"]
[WhiteElo "2329"]
[BlackElo "2365"]
[PlyCount "79"]
[EventDate "2002.??.??"]
[Source "www.chesslib.no"]
[SourceDate "2004.05.04"]

1. e4 Nf6 2. Nc3 e5 3. f4 d5 4. fxe5 Nxe4 5. Nf3 Be7 6. Qe2 Nxc3 7. dxc3 O-O 8. Be3 f6 9. O-O-O fxe5 10. Nxe5 Nc6 11. Nd3 Bg5 12. h4 Bxe3+ 13. Qxe3 Bg4 14. Rd2 Qf6 15. Rf2 Rae8 16. Qd2 Qe7 17. Rxf8+ Rxf8 18. g3 Ne5 19. Nf4 c6 20. Bg2 Qf6 21. Qd4 Ng6 22. Nd3 Qxd4 23. cxd4 Bf3 24. Rg1 h5 25. Bh3 Rf6 26. Nc5 b6 27. Nd7 Rd6 28. Re1 Be4 29. c4 Nf8 30. c5 Rxd7 31. Bxd7 Nxd7 32. b4 Kf7 33. Re3 Nf8 34. Ra3 bxc5 35. Rxa7+ Kf6 36. dxc5 Ne6 37. Kd2 Ke5 38. a4 Kd4 39. Re7 Bf5 40. a5 1-0

[Event "Wch U20"]
[Site "Santiago CHI"]
[Date "1990.??.??"]
[Round "13"]
[White "Sorensen, Jan"]
[Black "Mitkov, Nikola"]
[Result "1/2-1/2"]
[WhiteElo "2360"]
[BlackElo "2330"]
[PlyCount "81"]
[EventDate "1990.08.??"]
[Source "www.chesslib.no"]
[SourceDate "2004.05.04"]

1. e4 e5 2. Nc3 Nf6 3. f4 Bb4 4. fxe5 Bxc3 5. dxc3 Nxe4 6. Qg4 Nc5 7. Qxg7 Qh4+ 8. Qg3 Qxg3+ 9. hxg3 b6 10. Nf3 Nc6 11. Bg5 Ne4 12. Bf4 Bb7 13. Bd3 Ne7 14. Ng5 Nc5 15. Bxh7 Bxg2 16. Rh4 Bd5 17. O-O-O O-O-O 18. b3 Rdf8 19. c4 Bc6 20. b4 Ne6 21. Nxe6 dxe6 22. Bh6 Re8 23. Bg7 Nf5 24. Bxh8 Nxh4 25. Bf6 Ng6 26. Rd4 Bg2 27. Kd2 Bh3 28. Kc3 c5 29. Rd6 Kc7 30. Bxg6 fxg6 31. Rd2 Bf5 32. Rh2 cxb4+ 33. Kxb4 Kc6 34. Rh7 a5+ 35. Kc3 Rc8 36. a4 Rc7 37. Rh4 Rd7 38. Rf4 Bh3 39. Rh4 Bf5 40. Rh1 Bg4 41. Bg5 1/2-1/2

[Event "Plzen opJ-A"]
[Site "Plzen"]
[Date "1996.??.??"]
[Round "7"]
[White "Vavra, Pavel"]
[Black "Suran, Jan"]
[Result "1/2-1/2"]
[WhiteElo "2375"]
[BlackElo "2315"]
[PlyCount "116"]
[EventDate "1996.??.??"]
[Source "www.chesslib.no"]
[SourceDate "2004.05.04"]

1. e4 e5 2. Nc3 Nf6 3. f4 d5 4. fxe5 Nxe4 5. Nf3 Nc6 6. Qe2 Nxc3 7. dxc3 Bg4 8. Bf4 Qd7 9. h3 Qf5 10. Bh2 Bxf3 11. gxf3 O-O-O 12. O-O-O f6 13. Qf2 Kb8 14. Bd3 Qe6 15. exf6 Qxf6 16. Bb5 Bd6 17. Bg1 b6 18. Kb1 Bc5 19. Qg2 Bxg1 20. Rhxg1 g6 21. Qg5 Qxg5 22. Rxg5 Ne7 23. Re5 Nf5 24. Bc6 Rd6 25. Bb5 Rf8 26. a4 c6 27. Bd3 Kc7 28. Bxf5 Rxf5 29. Rxf5 gxf5 30. Rg1 Rg6 31. Rxg6 hxg6 32. f4 Kd6 33. Kc1 d4 34. cxd4 Kd5 35. c3 Ke4 36. b4 Kxf4 37. b5 cxb5 38. axb5 Kg3 39. d5 f4 40. d6 f3 41. d7 f2 42. d8=Q f1=Q+ 43. Kd2 Qf4+ 44. Kd1 Qf3+ 45. Kd2 Qg2+ 46. Kc1 Kxh3 47. Qh8+ Kg4 48. Qd4+ Kf5 49. Qd7+ Kg5 50. Qd8+ Kh5 51. Qh8+ Kg4 52. Qd4+ Kf3 53. Qd3+ Kf2 54. Qd4+ Kg3 55. Qe5+ Kf2 56. Qd4+ Kf3 57. Qd5+ Kg3 58. Qe5+ Kg4 1/2-1/2

[Event "Borsodtavho-B"]
[Site "?"]
[Date "1991.??.??"]
[Round "1"]
[White "Honfi Karoly"]
[Black "Lindstedt Johan"]
[Result "1/2-1/2"]
[WhiteElo "2345"]
[BlackElo "2340"]
[PlyCount "111"]
[EventDate "1991.??.??"]
[Source "www.chesslib.no"]
[SourceDate "2004.05.04"]

1. e4 e5 2. Nc3 Nf6 3. f4 d5 4. fxe5 Nxe4 5. Nf3 Nc6 6. Qe2 Bf5 7. d3 Nxc3 8. bxc3 d4 9. g3 Bc5 10. c4 Bb4+ 11. Bd2 Qe7 12. Bg2 Bxd2+ 13. Qxd2 Bg4 14. O-O O-O 15. Qf4 Qd7 16. Ng5 Bh5 17. Bd5 Qe7 18. Rab1 h6 19. Nf3 Bxf3 20. Bxf3 Nxe5 21. Rxb7 Rab8 22. Rxb8 Rxb8 23. Qxd4 Rb1 24. Bd5 Qf6 25. Qf4 Qxf4 26. gxf4 Rxf1+ 27. Kxf1 Ng4 28. Ke2 Nxh2 29. Ke3 Kf8 30. Kd4 Nf1 31. Bg2 Ng3 32. Kc5 g5 33. fxg5 hxg5 34. Kc6 f5 35. Kxc7 g4 36. Kd7 f4 37. Bd5 Nh5 38. Ke6 f3 39. Kf5 f2 40. Bg2 f1=Q+ 41. Bxf1 Ng3+ 42. Kxg4 Nxf1 43. Kf4 Ke7 44. Ke4 Kd6 45. Kd4 Ng3 46. Kc3 Kc6 47. Kb4 Ne2 48. a4 Nd4 49. c3 Nc2+ 50. Kb3 Ne3 51. Kb4 Nc2+ 52. Ka5 Ne1 53. d4 Nc2 54. Ka6 Ne3 55. c5 Nd1 56. Kxa7 1/2-1/2

[Event "Budapest FS11 IM"]
[Site "Budapest"]
[Date "1999.11.14"]
[Round "9"]
[White "Antal, Gergely"]
[Black "Hu Yi"]
[Result "1-0"]
[WhiteElo "2308"]
[BlackElo "2375"]
[PlyCount "73"]
[EventDate "1999.11.06"]
[Source "ChessBase"]
[SourceDate "2000.01.11"]

1. e4 e5 2. Nc3 Nf6 3. f4 d6 4. Nf3 Bg4 5. h3 Bxf3 6. Qxf3 Nbd7 7. Bc4 Be7 8. O-O O-O 9. a4 exf4 10. Qxf4 Ne5 11. Be2 Ng6 12. Qf3 Nd7 13. Nd5 Bg5 14. d4 Bxc1 15. Raxc1 c6 16. Ne3 Nf6 17. Bd3 d5 18. e5 Ne8 19. Qg4 Nc7 20. Nf5 Ne6 21. h4 Kh8 22. h5 Ne7 23. Nd6 f5 24. Bxf5 Nxf5 25. Rxf5 Rxf5 26. Nxf5 Qg5 27. Qxg5 Nxg5 28. Nd6 Ne6 29. c3 b6 30. Kf2 Nf4 31. Ke3 Nxh5 32. g4 Ng3 33. e6 Ne4 34. Nxe4 dxe4 35. Kxe4 Kg8 36. Ke5 Kf8 37. Rf1+ 1-0

[Event "Ch St. Petersburg (1/2 final)"]
[Site "St. Petersburg (Russia)"]
[Date "2007.02.12"]
[Round "3"]
[White "Shimanov Aleksandr (RUS)"]
[Black "Andreev Konstantin (RUS)"]
[Result "1-0"]
[WhiteElo "2419"]
[BlackElo "2257"]
[PlyCount "111"]
[EventDate "2007.??.??"]
[Source "www.chesslib.no"]
[SourceDate "2004.05.04"]

1. e4 e5 2. Nc3 Nf6 3. f4 d5 4. fxe5 Nxe4 5. Nf3 Bc5 6. d4 Bb4 7. Bd2 Bxc3 8. bxc3 Bg4 9. Bd3 Bxf3 10. Qxf3 Nxd2 11. Kxd2 Qg5+ 12. Ke2 c5 13. Rab1 cxd4 14. Rxb7 Qxe5+ 15. Kd1 O-O 16. Re1 Qf6 17. Qxf6 gxf6 18. Bb5 dxc3 19. Ree7 Kg7 20. a4 a5 21. Rb6 Rd8 22. Ke2 d4 23. Rbb7 Rf8 24. Ra7 Rxa7 25. Rxa7 Rd8 26. Kd3 Rd6 27. Rxa5 f5 28. Ra7 Kf6 29. a5 Ke5 30. Re7+ Kd5 31. Rxf7 Kc5 32. Rxf5+ Kb4 33. Be8 Na6 34. Rb5+ Ka3 35. Rb3+ Ka2 36. Kc4 Rd8 37. Bh5 d3 38. Kxc3 Nc5 39. Rb4 Ka3 40. Rc4 Rd5 41. Bf3 d2 42. Rd4 Na4+ 43. Kc4 Rxa5 44. Rxd2 Rc5+ 45. Kd4 Kb4 46. Be4 Nc3 47. Bd3 h5 48. Ke3 Rg5 49. Kf4 Rg4+ 50. Kf3 Nd5 51. g3 Kc3 52. Re2 Kd4 53. Re4+ Rxe4 54. Bxe4 Nf6 55. Bg6 Ke5 56. h4 1-0

[Event "Buenos Aires PRENAJ"]
[Site "Buenos Aires ARG"]
[Date "1994.??.??"]
[Round "4"]
[White "Olivieri, Martin"]
[Black "Szmetan, Jorge"]
[Result "1-0"]
[WhiteElo "2270"]
[BlackElo "2405"]
[PlyCount "121"]
[EventDate "1994.??.??"]
[Source "www.chesslib.no"]
[SourceDate "2004.05.04"]

1. e4 Nf6 2. Nc3 e5 3. f4 d5 4. fxe5 Nxe4 5. Nf3 Be7 6. d3 Nxc3 7. bxc3 c5 8. Be2 O-O 9. O-O Nc6 10. Bf4 f6 11. Qd2 f5 12. d4 cxd4 13. cxd4 Be6 14. c3 Rc8 15. Ng5 Bxg5 16. Bxg5 Qc7 17. Rf3 Qb6 18. Bf6 gxf6 19. Rg3+ Kh8 20. Qh6 Qc7 21. exf6 Rg8 22. Rg7 Rxg7 23. fxg7+ Qxg7 24. Qxe6 Rg8 25. Qxd5 Qg5 26. Qf3 Re8 27. Bd3 Re3 28. Qf1 Ne7 29. Re1 Nd5 30. c4 Nb4 31. Bxf5 Nc6 32. Be4 Rxe1 33. Qxe1 Nxd4 34. Bxb7 Qc5 35. Qf2 Kg7 36. Bd5 Ne2+ 37. Kf1 Qxf2+ 38. Kxf2 Nc3 39. a3 Kf6 40. Ke3 Ke5 41. Bg8 h6 42. g3 a5 43. Kd3 Ne4 44. Bh7 Nf2+ 45. Kc3 Nd1+ 46. Kb3 Kd4 47. Bg8 Kc5 48. Ka4 Kb6 49. c5+ Kxc5 50. Kxa5 Ne3 51. h3 Nc2 52. Ka4 Nd4 53. g4 Nc6 54. h4 Kd6 55. Bf7 Ke5 56. Kb5 Na7+ 57. Kc5 Nc8 58. a4 Nd6 59. a5 Nxf7 60. a6 Nd8 61. a7 1-0

[Event "Cassovia op"]
[Site "Kosice"]
[Date "1997.??.??"]
[Round "?"]
[White "Miroshnichenko, E."]
[Black "Revuckij, Vladimir"]
[Result "1-0"]
[WhiteElo "2435"]
[BlackElo "2240"]
[PlyCount "73"]
[EventDate "1997.??.??"]
[Source "www.chesslib.no"]
[SourceDate "2004.05.04"]

1. e4 e5 2. Nc3 Nf6 3. f4 d6 4. Nf3 Nbd7 5. Bc4 Be7 6. d3 c6 7. a4 O-O 8. O-O exf4 9. Kh1 Nh5 10. d4 Ndf6 11. Bd3 Ng4 12. Ne2 f5 13. e5 g5 14. Qe1 dxe5 15. Bc4+ Kh8 16. Nxe5 Kg7 17. Ng1 Nhf6 18. Ngf3 h6 19. b3 Nxe5 20. Nxe5 Ne4 21. Bb2 Bf6 22. Qe2 Bd7 23. Bd3 Nd6 24. Rae1 Nf7 25. Qh5 Nh8 26. c4 Qc7 27. g3 fxg3 28. hxg3 Rae8 29. Kg2 Bxe5 30. dxe5 Be6 31. Rh1 Kg8 32. g4 Qg7 33. gxf5 Qh7 34. Qxh6 Qxh6 35. Rxh6 Rd8 36. Reh1 Bxf5 37. Rxh8+ 1-0

[Event "Krumbach Open"]
[Site "Krumbach"]
[Date "1991.??.??"]
[Round "9"]
[White "Wagner, Anselm"]
[Black "Mukhametov, Eldar"]
[Result "0-1"]
[WhiteElo "2280"]
[BlackElo "2390"]
[PlyCount "106"]
[EventDate "1991.03.??"]
[Source "www.chesslib.no"]
[SourceDate "2004.05.04"]

1. e4 e5 2. Nc3 Nf6 3. f4 d5 4. fxe5 Nxe4 5. Nf3 Bb4 6. Be2 O-O 7. O-O Nc6 8. a3 Ba5 9. Na4 Bg4 10. b4 Bb6+ 11. Nxb6 axb6 12. Bb2 Re8 13. d3 Bxf3 14. Rxf3 Ng5 15. Rf5 g6 16. Rf1 d4 17. Bf3 Rxe5 18. Bxc6 bxc6 19. h4 Ne6 20. Qf3 Qxh4 21. Qxf7+ Kh8 22. Qd7 Rd8 23. Qf7 Rf8 24. Qxf8+ Nxf8 25. Rxf8+ Kg7 26. Raf1 Re1 27. R8f7+ Kh6 28. Bc1+ g5 29. a4 Rxf1+ 30. Rxf1 Kg6 31. a5 bxa5 32. bxa5 g4 33. Bf4 g3 34. Bxg3 Qxg3 35. a6 Qe3+ 36. Kh1 Qd2 37. Ra1 Qc3 38. Ra2 Qe1+ 39. Kh2 Qb1 40. Ra3 Qb2 41. Ra4 Qxc2 42. Ra5 Qc3 43. Ra4 Qb3 44. Ra1 Qb8 45. a7 Qa8 46. Kg3 Kf5 47. Ra5+ Ke6 48. Kf4 c5 49. g4 Kd6 50. Ra1 c4 51. dxc4 Kc5 52. Ra4 d3 53. Ra5+ Kxc4 0-1

[Event "It Open"]
[Site "Berga"]
[Date "1993.??.??"]
[Round "1"]
[White "Garcia Sebastian"]
[Black "Ivanov, Alexander"]
[Result "0-1"]
[WhiteElo "2152"]
[BlackElo "2515"]
[PlyCount "84"]
[EventDate "1993.??.??"]
[Source "www.chesslib.no"]
[SourceDate "2004.05.04"]

1. e4 e5 2. Nc3 Nf6 3. f4 d5 4. exd5 Nxd5 5. Nxd5 Qxd5 6. fxe5 Qxe5+ 7. Qe2 Qxe2+ 8. Bxe2 Bf5 9. c3 c5 10. Bf3 Nc6 11. Bxc6+ bxc6 12. Nf3 O-O-O 13. d4 cxd4 14. Nxd4 Re8+ 15. Kf2 Be4 16. Re1 Bd6 17. h3 f5 18. Bd2 g6 19. Rad1 Bd5 20. a3 Rxe1 21. Rxe1 Kd7 22. b4 a5 23. Nf3 axb4 24. axb4 Ra8 25. Ne5+ Kc7 26. c4 Ra2 27. cxd5 Rxd2+ 28. Ke3 Rxd5 29. Nd3 Rb5 30. Ra1 Kb6 31. Ra4 Be7 32. Kd2 Rd5 33. Kc3 Bf6+ 34. Kc2 Kb5 35. Ra5+ Kc4 36. Ra6 Rd6 37. Rb6 Bd4 38. Rb7 Re6 39. Nf4 Re4 40. g3 g5 41. Nh5 Re2+ 42. Kd1 Kd3 0-1

[Event "Ch (Men) Vilnius LTU"]
[Site "?"]
[Date "2006.03.19"]
[Round "2"]
[White "Narmontas Matas"]
[Black "Sarakauskas Gediminas"]
[Result "1-0"]
[WhiteElo "2212"]
[BlackElo "2453"]
[PlyCount "137"]
[EventDate "2006.??.??"]
[Source "www.chesslib.no"]
[SourceDate "2004.05.04"]

1. e4 Nf6 2. Nc3 e5 3. f4 d5 4. fxe5 Nxe4 5. Nf3 Be7 6. d4 f5 7. Bd3 Be6 8. Ne2 g5 9. c3 Nd7 10. Qb3 Nb6 11. Qc2 Rg8 12. Nd2 Qd7 13. g4 Nxd2 14. Bxd2 Rf8 15. gxf5 Bxf5 16. Rf1 Bxd3 17. Rxf8+ Bxf8 18. Qxd3 Nc4 19. Bxg5 Nxb2 20. Qf3 Qf7 21. Qxf7+ Kxf7 22. Rb1 Ba3 23. Kd2 Rg8 24. h4 Nc4+ 25. Kd3 Nb6 26. Rf1+ Ke8 27. Nf4 Be7 28. Ne6 Bxg5 29. hxg5 Ke7 30. Nxc7 Rxg5 31. Rf6 Rg3+ 32. Kc2 Rg2+ 33. Kb3 Rg6 34. Rf5 a6 35. e6 Rf6 36. Nxd5+ Nxd5 37. Rxd5 Rxe6 38. Rh5 h6 39. Kc4 Kd6 40. Rf5 Rg6 41. Rh5 Kc6 42. a4 Kd6 43. a5 Kc6 44. Rf5 Kc7 45. Rf7+ Kb8 46. d5 h5 47. Rh7 Kc8 48. Rxh5 Kd7 49. Kc5 Rg3 50. Rh7+ Kc8 51. c4 Rg4 52. d6 Rg1 53. Kb6 Rb1+ 54. Ka7 Rb4 55. Rc7+ Kd8 56. Rxb7 Rxc4 57. Kxa6 Rc6+ 58. Rb6 Rc5 59. Rb5 Rc6+ 60. Rb6 Rc5 61. Rb5 Rc6+ 62. Ka7 Rxd6 63. a6 Rc6 64. Kb7 Rc7+ 65. Kb6 Kc8 66. Rh5 Rc1 67. Rh8+ Kd7 68. a7 Rb1+ 69. Kc5 1-0

[Event "Forli Open"]
[Site "Forli"]
[Date "1993.??.??"]
[Round "1"]
[White "Wagman, Stuart"]
[Black "Tatai, Stefano"]
[Result "0-1"]
[WhiteElo "2225"]
[BlackElo "2440"]
[PlyCount "58"]
[EventDate "1993.10.??"]
[Source "www.chesslib.no"]
[SourceDate "2004.05.04"]

1. e4 e5 2. Nc3 Nf6 3. f4 d5 4. fxe5 Nxe4 5. Nf3 Nc6 6. d3 Nxc3 7. bxc3 d4 8. cxd4 Bb4+ 9. Bd2 Bxd2+ 10. Qxd2 Nxd4 11. c3 Nxf3+ 12. gxf3 Qh4+ 13. Qf2 Qf4 14. Qg3 Qe3+ 15. Be2 O-O 16. f4 Qb6 17. d4 Qb2 18. Kf2 Bf5 19. Rhe1 f6 20. Kg1 fxe5 21. Bc4+ Kh8 22. fxe5 b5 23. Bf1 Rae8 24. Rad1 Re6 25. Re2 Qa3 26. Rg2 Rg6 27. Qe1 Bh3 28. Rdd2 Qxc3 29. Rdf2 Rxg2+ 0-1

[Event "Hostafrancs op 2nd"]
[Site "Sants"]
[Date "2000.??.??"]
[Round "4"]
[White "Alonso Moyano, Jonathan"]
[Black "Berzinsh, Roland"]
[Result "0-1"]
[WhiteElo "2225"]
[BlackElo "2438"]
[PlyCount "90"]
[EventDate "2000.09.01"]
[Source "www.chesslib.no"]
[SourceDate "2004.05.04"]

1. e4 e5 2. Nc3 Nf6 3. f4 d5 4. fxe5 Nxe4 5. Qe2 Bf5 6. Nf3 Nc6 7. d3 Nxc3 8. bxc3 d4 9. Bb2 dxc3 10. Bxc3 Bb4 11. Qd2 Bxc3 12. Qxc3 Qd5 13. Be2 O-O 14. O-O Rad8 15. Rab1 Bg6 16. a4 b6 17. Kh1 Rfe8 18. Rb5 Qd7 19. Rd1 Nd4 20. Nxd4 Qxd4 21. Qxc7 Qxa4 22. Rb2 Rc8 23. Qb7 Qd4 24. Rbb1 Qxe5 25. Bf3 Rc7 26. Qa6 Qe3 27. Rbc1 h5 28. h3 Rd8 29. Qa4 Qd4 30. Qb5 Rc5 31. Qa6 Rc7 32. Re1 Qf4 33. Ra1 h4 34. Qa3 Rxc2 35. Qxa7 Rxd3 36. Qa8+ Kh7 37. Re4 Rc1+ 38. Rxc1 Qxc1+ 39. Kh2 Qc7+ 40. Kg1 Qc5+ 41. Kh2 Qd6+ 42. Kg1 Bxe4 43. Bxe4+ g6 44. Bxd3 Qxd3 45. Qf8 Qc4 0-1

[Event "Ch Spain team"]
[Site "Alicante ESP"]
[Date "1989.??.??"]
[Round "?"]
[White "Hector, Jonny"]
[Black "Ramon, Vivian"]
[Result "0-1"]
[WhiteElo "2485"]
[BlackElo "2175"]
[PlyCount "108"]
[EventDate "1989.??.??"]
[Source "www.chesslib.no"]
[SourceDate "2004.05.04"]

1. e4 e5 2. Nc3 Nf6 3. f4 d5 4. fxe5 Nxe4 5. Nf3 Nc6 6. Bb5 Be7 7. Nd4 Bc5 8. Nf3 Nf2 9. Qe2 Nxh1 10. d4 Be7 11. Be3 O-O 12. O-O-O a6 13. Bxc6 bxc6 14. Rxh1 Rb8 15. h3 a5 16. g4 f6 17. Bd2 c5 18. exf6 Bxf6 19. dxc5 Qe7 20. Qxe7 Bxe7 21. Ne5 Bxc5 22. Re1 Bf2 23. Rd1 Be6 24. Nc6 Rbe8 25. Nxa5 d4 26. Nb5 c5 27. Nd6 Ra8 28. a3 Bd5 29. b4 Bf3 30. bxc5 Bxd1 31. Kxd1 d3 32. cxd3 Bxc5 33. Nf5 Bxa3 34. Nc4 Rfd8 35. Ke2 Bf8 36. h4 Ra6 37. Bc3 Re6+ 38. Nce3 Rde8 39. Bd2 Bc5 40. d4 Ba7 41. Kd3 g6 42. Nh6+ Kg7 43. Nc2 Re2 44. g5 Rxd2+ 45. Kxd2 Re4 46. h5 gxh5 47. Kd3 Rf4 48. Ke3 Bb8 49. Nb4 Rf8 50. Nc6 Bd6 51. Ke4 Kg6 52. Kd5 Bf4 53. Ke6 Bxg5 54. Nf5 Rf6+ 0-1

[Event "Mistrzostwa KPZSzach"]
[Site "?"]
[Date "2005.06.26"]
[Round "2"]
[White "Jozwicki Jakub"]
[Black "Malaniuk Vladimir"]
[Result "0-1"]
[WhiteElo "2179"]
[BlackElo "2480"]
[PlyCount "54"]
[EventDate "2005.??.??"]
[Source "www.chesslib.no"]
[SourceDate "2004.05.04"]

1. e4 e5 2. Nc3 Nf6 3. f4 d5 4. fxe5 Nxe4 5. Nf3 Nc6 6. Bb5 Be7 7. d4 O-O 8. O-O Bf5 9. Qe2 Qd7 10. Be3 Bg6 11. Rad1 Nxc3 12. bxc3 a6 13. Bd3 Na5 14. Bg5 Rae8 15. Bh4 Qc6 16. Bxg6 fxg6 17. Bxe7 Rxe7 18. Qe3 Nc4 19. Qg5 Rfe8 20. Nh4 Nb2 21. Rd2 Qxc3 22. Rf3 Qc6 23. Rdf2 Qe6 24. Rb3 Na4 25. Rxb7 Nc3 26. Rf1 Ne2+ 27. Kh1 Nxd4 0-1